| 000 -LEADER |
| fixed length control field |
00333cam a22001097a 4500 |
| 008 - FIXED-LENGTH DATA ELEMENTS--GENERAL INFORMATION |
| fixed length control field |
180718b1983 xxu||||| |||| 00| 0 eng d |
| 082 ## - DEWEY DECIMAL CLASSIFICATION NUMBER |
| Classification number |
T19x54 Sr32 |
| 100 ## - MAIN ENTRY--PERSONAL NAME |
| Personal name |
Sri Krishna, S. |
| 245 ## - TITLE STATEMENT |
| Title |
Prime minister shrimati indira gandhi- : a study of her 20-point progrmme |
| Statement of responsibility, etc. |
by S. Sri Krishna |
| 260 ## - PUBLICATION, DISTRIBUTION, ETC. |
| Place of publication, distribution, etc. |
Tirupati |
| Name of publisher, distributor, etc. |
|
| Date of publication, distribution, etc. |
1983 |
| 300 ## - PHYSICAL DESCRIPTION |
| Extent |
383p. |